Home Print Resources E-Books E-Journals IIMT Lecture Series Library Membership Form Book Recommendation Form Campus Tour Take AdmissionAbout Us Contact Us

CMOS VLSI Design (Record no. 5070)

000 -LEADER
fixed length control field 00335nam a2200157Ia 4500
003 - CONTROL NUMBER IDENTIFIER
control field OSt
005 - DATE AND TIME OF LATEST TRANSACTION
control field 20240101093911.0
008 - FIXED-LENGTH DATA ELEMENTS--GENERAL INFORMATION
fixed length control field 170524s9999 xx 000 0 und d
020 ## - INTERNATIONAL STANDARD BOOK NUMBER
International Standard Book Number 9788177585681
040 ## - CATALOGING SOURCE
Transcribing agency IIMTU
100 ## - MAIN ENTRY--PERSONAL NAME
Personal name Weste Neil HE
245 #0 - TITLE STATEMENT
Title CMOS VLSI Design
260 ## - PUBLICATION, DISTRIBUTION, ETC.
Name of publisher, distributor, etc. Pearson
260 ## - PUBLICATION, DISTRIBUTION, ETC.
Date of publication, distribution, etc. 2008
942 ## - ADDED ENTRY ELEMENTS (KOHA)
Koha item type Book Bank
Source of classification or shelving scheme
Holdings
Withdrawn status Lost status Source of classification or shelving scheme Damaged status Not for loan Home library Current library Date acquired Full call number Barcode Date last seen Uniform Resource Identifier Price effective from Koha item type Public note
          IIMT University Central Library Meerut IIMT University Central Library Meerut 05/30/2017 R 01-B-42644 05/30/2017 ELECTRICAL ENGINEERING 05/30/2017 Reference Book Engineering Departmental Library books
          IIMT University Central Library Meerut IIMT University Central Library Meerut 05/30/2017   01-B-42645 05/30/2017 ELECTRICAL ENGINEERING 05/30/2017 Book Bank  
          IIMT University Central Library Meerut IIMT University Central Library Meerut 05/30/2017   01-B-42646 05/30/2017 ELECTRICAL ENGINEERING 05/30/2017 Book Bank  
          IIMT University Central Library Meerut IIMT University Central Library Meerut 05/30/2017   01-B-42647 05/30/2017 ELECTRICAL ENGINEERING 05/30/2017 Book Bank  
          IIMT University Central Library Meerut IIMT University Central Library Meerut 05/30/2017   01-B-42648 05/30/2017 ELECTRICAL ENGINEERING 05/30/2017 Book Bank  
          IIMT University Central Library Meerut IIMT University Central Library Meerut 05/30/2017   01-B-42649 05/30/2017 ELECTRICAL ENGINEERING 05/30/2017 Book Bank  
          IIMT University Central Library Meerut IIMT University Central Library Meerut 05/30/2017   01-B-42650 05/30/2017 ELECTRICAL ENGINEERING 05/30/2017 Book Bank  
          IIMT University Central Library Meerut IIMT University Central Library Meerut 05/30/2017   01-B-42651 05/30/2017 ELECTRICAL ENGINEERING 05/30/2017 Book Bank  
          IIMT University Central Library Meerut IIMT University Central Library Meerut 05/30/2017   01-B-42652 05/30/2017 ELECTRICAL ENGINEERING 05/30/2017 Book Bank  
          IIMT University Central Library Meerut IIMT University Central Library Meerut 05/30/2017   01-B-42653 05/30/2017 ELECTRICAL ENGINEERING 05/30/2017 Book Bank  
IIMT, Central Library. All Rights Reserved IIMT,UNIVERSITY © 2023
Implemented and Customised by I CLOUDE EMS
You Are OPAC Visitor No
free web counter

Powered by Koha